|
|
|
|
| LEADER |
02064nam a2200469 i 4500 |
| 001 |
EBC2058140 |
| 003 |
MiAaPQ |
| 005 |
20200520144314.0 |
| 006 |
m o d | |
| 007 |
cr cnu|||||||| |
| 008 |
150613t20152015ohuao ob 001 0 eng d |
| 020 |
|
|
|z 9780821421345
|
| 020 |
|
|
|z 9780821421352
|
| 020 |
|
|
|a 9780821445211
|q (electronic bk.)
|
| 035 |
|
|
|a (MiAaPQ)EBC2058140
|
| 035 |
|
|
|a (Au-PeEL)EBL2058140
|
| 035 |
|
|
|a (CaPaEBR)ebr11060780
|
| 035 |
|
|
|a (OCoLC)910513367
|
| 040 |
|
|
|a MiAaPQ
|b eng
|e rda
|e pn
|c MiAaPQ
|d MiAaPQ
|
| 043 |
|
|
|a f-ao---
|
| 050 |
|
4 |
|a HD9677.A542
|b .C548 2015
|
| 082 |
0 |
|
|a 338.2/78209673
|2 23
|
| 100 |
1 |
|
|a Cleveland, Todd,
|e author.
|
| 245 |
1 |
0 |
|a Diamonds in the rough :
|b corporate paternalism and African professionalism on the mines of colonial Angola, 1917-1975 /
|c Todd Cleveland.
|
| 264 |
|
1 |
|a Athens, Ohio :
|b Ohio University Press,
|c 2015.
|
| 264 |
|
4 |
|c 2015
|
| 300 |
|
|
|a 1 online resource (306 pages) :
|b illustrations, photographs.
|
| 336 |
|
|
|a text
|2 rdacontent
|
| 337 |
|
|
|a computer
|2 rdamedia
|
| 338 |
|
|
|a online resource
|2 rdacarrier
|
| 490 |
1 |
|
|a New African Histories
|
| 504 |
|
|
|a Includes bibliographical references and index.
|
| 588 |
|
|
|a Description based on print version record.
|
| 590 |
|
|
|a Electronic reproduction. Ann Arbor, MI : ProQuest, 2016. Available via World Wide Web. Access may be limited to ProQuest affiliated libraries.
|
| 650 |
|
0 |
|a Diamond industry and trade
|z Angola.
|
| 650 |
|
0 |
|a Diamond mines and mining
|z Angola.
|
| 650 |
|
0 |
|a Diamond miners
|z Angola
|x Social conditions.
|
| 655 |
|
4 |
|a Electronic books.
|
| 776 |
0 |
8 |
|i Print version:
|a Cleveland, Todd.
|t Diamonds in the rough : corporate paternalism and African professionalism on the mines of colonial Angola, 1917-1975.
|d Athens, Ohio : Ohio University Press, c2015
|h xv, 289 pages
|k New African histories series.
|z 9780821421345
|w 2015004834
|
| 797 |
2 |
|
|a ProQuest (Firm)
|
| 830 |
|
0 |
|a New African histories series.
|
| 856 |
4 |
0 |
|u https://ebookcentral.proquest.com/lib/matrademy/detail.action?docID=2058140
|z Click to View
|